Davoliūtė, Violeta, 1967-. The making and breaking of Soviet Lithuania. - London [u.a.]
| Titel: | Davoliūtė, Violeta, 1967-. The making and breaking of Soviet Lithuania. - London [u.a.] : Routledge [u.a.]. - 2013 [Rezension] |
|---|---|
| Verfasser: | |
| In: |
Nations and nationalism, Band 21, Heft 1 (2015), Seite 187-188 alle Artikel anzeigen |
| Veröffentlicht: | 2015 |
| Format: | Aufsatz |
| Sprache: | Englisch |
X
alg: 39514322
001A $01999:12-11-16
001B $01999:10-07-24 $t22:32:32.000
001D $01999:12-11-16
001U $0utf8
001X $00
002@ $0Oox
003@ $0395143225
007A $0395143225 $aHEB
007T $0Herdc0108725m
009Q $uhttp://onlinelibrary.wiley.com/doi/10.1111/nana.12114 $xVolltext
010@ $aeng
011@ $a2015
013D $#Newspapers Sections, columns, etc. Reviews $#Book reviewing $#Journaux Cahiers, chroniques, etc. Comptes rendus $#Livres Recension $#Rezension $#Buchbesprechung $#Buchrezension $#Buchkritik $74049712-4 $8Rezension [Ts1] $9085138568
021A $aDavoliūtė, Violeta, 1967-. The @making and breaking of Soviet Lithuania. - London {[u.a.] $dRoutledge {[u.a.]. - 2013 [Rezension]
028A $aBudryte $dDovile
031A $d21 $e1 $h187-188 $j2015
039B $aIn $8--Obvc--. Nations and nationalism. - Oxford : Wiley-Blackwell, 1995-. - Online-Ressource. - ISSN 1469-8129. - DOI 10.1111/(ISSN)1469-8129 $x201500000210001813 $9084522844
039T $8--Aau--Davoliūtė, Violeta$Z1967- [Tp3]. The @making and breaking of Soviet Lithuania. - London {[u.a.] : Routledge {[u.a.], 2013. - XX, 211 S.. - Ill.. - ISBN 978-0-415-71449-5 $9339804823
045F $a900.94793 $eDDC23BSB
045F/01 $a900
045F/03 $g4793
lok: 39514322 78
exp: 39514322 78 1 #EPN
201B/01 $018-11-16 $t13:52:32.000
201U/01 $0utf8
203@/01 $0791441938
208@/01 $a12-11-16 $be
209A/01 $a/ $f000 $x00
220C/01 $aTitelaufnehmer: pg
220C/01 $aHerkunft: HI Marburg
244Z/01 $2Trx $#Litauen $#Lithuania $#Litwa $#Litva $#Litva $8--Trx--Lietuva $x01 $9391193457
244Z/01 $2Trx $#arvustused $#recenzijos $#Reviews $#recenziók $#recenzje $#recenzie $#recenze $8--Trx--Rezensionen $x02 $9391357441
244Z/01 $2Trx $8--Trx--elektronische Ressource $x03 $939138452X
247C/01 $82080>Marburg/Lahn, Herder-Institut, Forschungsbibliothek, Bibliographieportal $9336309341
| LEADER | 00000caa a22000002c 4500 | ||
|---|---|---|---|
| 001 | 395143225 | ||
| 003 | DE-603 | ||
| 005 | 20240710223232.0 | ||
| 007 | cr|||||||||||| | ||
| 008 | 161112s2015 xx |||| o| u00||u|eng c | ||
| 035 | |a (DE-599)HEB395143225 | ||
| 040 | |a DE-603 |b ger |c DE-603 |d DE-603 | ||
| 041 | |a eng | ||
| 082 | 0 | 4 | |8 1\u |a 900.94793 |q DE-101 |2 23/BSB |
| 085 | |8 1\u |b 900 | ||
| 085 | |8 1\u |z 2 |s 4793 | ||
| 100 | 1 | |a Budryte, Dovile | |
| 245 | 0 | 0 | |a Davoliūtė, Violeta, 1967-. The making and breaking of Soviet Lithuania. - London [u.a.] |b Routledge [u.a.]. - 2013 [Rezension] |
| 264 | 0 | |c 2015 | |
| 655 | 7 | |a Rezension |2 gnd-content |0 (DE-588)4049712-4 |0 (DE-603)085138568 | |
| 773 | 0 | 8 | |i In |t Nations and nationalism |d Oxford : Wiley-Blackwell, 1995- |h Online-Ressource |o 10.1111/(ISSN)1469-8129 |x 1469-8129 |g Band 21, Heft 1 (2015), Seite 187-188 |w (DE-603)084522844 |w (DE-600)1500007-2 |
| 787 | 0 | 8 | |i Rezension von |a Davoliūtė, Violeta, 1967- |t The making and breaking of Soviet Lithuania |d London [u.a.] : Routledge [u.a.], 2013 |h XX, 211 S., Ill. |z 9780415714495 |w (DE-603)339804823 |
| 856 | |u http://onlinelibrary.wiley.com/doi/10.1111/nana.12114 | ||
| 924 | 1 | |9 2080 |a (DE-603)791441938 |b DE-2080 |c HES |d d |g / | |


